| 000 | 01184cam a2200325 4500 | ||
|---|---|---|---|
| 008 | 040423n2004 000 0 eng u | ||
| 020 | _a1860816770 | ||
| 035 | _a(Sirsi) u125922 | ||
| 041 | _aeng | ||
| 050 |
_a624.28 _c18 |
||
| 100 | _aReynolds, T. N. | ||
| 245 | _aTimber bridges | ||
| 260 |
_aWatford _bBRE _c2004 |
||
| 300 |
_a12p. _c30cm. |
||
| 490 |
_aBRE Digest _v481 |
||
| 520 | _aDiscusses the use of timber to construct bridges. Examines: the history of this type of construction with modern examples; basic form of timber bridges; materials; durability; preservative treatment; detailing; connections; parapets and handrails; decks; wear surfaces for vehicle-carrying bridges; and bridge design practice. | ||
| 650 | _aTIMBER | ||
| 650 | _aBRIDGES | ||
| 650 | _aBRIDGE DECKS | ||
| 650 | _aBRIDGE ENGINEERING | ||
| 690 | _aBUILT ENVIRONMENT-CONSTRUCTION DESIGN | ||
| 700 | _aMettem, C. J. | ||
| 700 | _aFreedman, G. | ||
| 700 | _aEnjily, V. | ||
| 710 | _aBuilding Research Establishment | ||
| 710 | _aTimber Research and Development Association | ||
| 710 |
_aForestry Civil Engineering _94619 |
||
| 710 |
_aForestry Commission _9804 |
||
| 942 | _n0 | ||
| 999 |
_c103504 _d103504 |
||